| Tag |
First Indicator |
Second Indicator |
Subfields |
| LEADER |
00000cam a2200000 i 4500 |
| 001 |
in00000223321 |
| 005 |
20180223094215.0 |
| 008 |
790202s1978 flu b 00010 spa |
| 010 |
|
|
|a 77089033
|
| 035 |
|
|
|a (OCoLC)04868441
|
| 035 |
|
|
|9 AAY8764AM
|
| 040 |
|
|
|a DLC
|c DLC
|d TXA
|d UtOrBLW
|
| 043 |
|
|
|a e-sp---
|
| 049 |
|
|
|a TXAM
|c [1495844]
|
| 050 |
0 |
0 |
|a PN57.D7
|b D58
|
| 082 |
0 |
|
|a 862/.6/2
|
| 100 |
1 |
|
|a Dominicis, María Canteli.
|
| 245 |
1 |
0 |
|a Don Juan en el teatro espanol del siglo XX /
|c Maria C. Dominicis.
|
| 264 |
|
1 |
|a Miami, Fla. :
|b Ediciones Universal,
|c 1978.
|
| 300 |
|
|
|a 181 pages ;
|c 21 cm.
|
| 336 |
|
|
|a text
|b txt
|2 rdacontent
|
| 337 |
|
|
|a unmediated
|b n
|2 rdamedia
|
| 338 |
|
|
|a volume
|b nc
|2 rdacarrier
|
| 490 |
0 |
|
|a Coleccion Polymita
|
| 504 |
|
|
|a Bibliography: pages 171-181.
|
| 600 |
0 |
0 |
|a Juan,
|c Don (Legendary character)
|
| 650 |
|
0 |
|a Spanish drama
|y 20th century
|x History and criticism.
|
| 999 |
|
|
|a MARS
|
| 999 |
f |
f |
|s 4a1905ac-511a-3129-bafe-0fa82a668628
|i 0ce22e7f-e954-3520-a6cf-67e3dbfecefc
|t 0
|
| 952 |
f |
f |
|p ric
|a Texas A&M University
|b Rellis Campus
|c Joint Library Facility
|d Remote Storage
|t 0
|e PN57.D7 D58
|h Library of Congress classification
|i unmediated -- volume
|m A14803659708
|
| 998 |
f |
f |
|a PN57.D7 D58
|t 0
|l Remote Storage
|